000 00279nam a22001337a 4500
008 170213b xxu||||| |||| 00| 0 eng d
020 _a9781850704805
041 _aeng
080 _a61
100 _a4
101 _aSHNM
245 _aATHEROSCLEROSIS
_cSTARY.C
942 _2udc
_cBK
999 _c5245
_d5245